| 000 | 00390nam a22001577a 4500 | ||
|---|---|---|---|
| 003 | LK-CoDNM | ||
| 005 | 20240802121300.0 | ||
| 008 | 240802b |||||||| |||| 00| 0 eng d | ||
| 040 |
_aLK-CoDNM _dLK-CoDNM _eLK-CoDNM |
||
| 041 | _ahin | ||
| 080 |
_a8 _bQQ5 |
||
| 245 | _aThe Vedaarthayatna or an Attempt to Interpret the Vedas | ||
| 260 | _c1879 | ||
| 300 | _a25p. : 21 cm | ||
| 942 | _cBK | ||
| 999 |
_c146391 _d146391 |
||